LIBRARY & INFORMATION CENTRE, KCAET, TAVANUR

ONLINE PUBLIC ACCESS CATALOGUE (OPAC)

Mass-transfer operations / (Record no. 3129)

MARC details
000 -LEADER
fixed length control field 00335cam a2200133ua 4500
020 ## - INTERNATIONAL STANDARD BOOK NUMBER
ISBN 0 07 066615 6
082 ## - DEWEY DECIMAL CLASSIFICATION NUMBER
Classification number 660.28423
Item number TRE/MA
100 ## - MAIN ENTRY--AUTHOR NAME
Personal name Treybal, Robert E. .
245 ## - TITLE STATEMENT
Title Mass-transfer operations /
250 ## - EDITION STATEMENT
Edition statement 3 /
260 ## - PUBLICATION, DISTRIBUTION, ETC. (IMPRINT)
Place of publication New Delhi
Name of publisher McGraw Hill Book Company ,
Year of publication 1981,2012
300 ## - PHYSICAL DESCRIPTION
Number of Pages 784 ; .
942 ## - ADDED ENTRY ELEMENTS (KOHA)
Koha item type Books
Holdings
Withdrawn status Lost status Damaged status Home library Current library Date acquired Full call number Accession Number Koha item type Shelving location Source of acquisition Cost, normal purchase price
      KAUAET KAUAET 07/04/2012 660.28423 18759 Books      
Withdrawn   Damaged KAUAET KAUAET 07/04/2012 660.28423 18687 Books      
      KAUAET KAUAET 07/04/2012 660.28423 18395 Books      
      KAUAET KAUAET 07/04/2012 660.28423 18745 Books      
      KAUAET KAUAET 07/04/2012 660.28423 18747 Books      
      KAUAET KAUAET 07/04/2012 660.28423 18746 Books      
      KAUAET KAUAET 27/08/2016 660.28423 TRE/MA BB 367 Book Bank scheme for SC students Scheme Dream Tech Publishers & Book Sellers, Thiruvanathapuram. 980.00
      KAUAET KAUAET 24/11/2017 660.28423 TRE/MA BB 396 Book Bank scheme for SC students Scheme    
      KAUAET KAUAET 30/07/2018 660.28423 TRE/MA 18686 Books      
free website counter